<?xml version="1.0" encoding="UTF-8"?>
<record
    xmlns:xsi="http://www.w3.org/2001/XMLSchema-instance"
    xsi:schemaLocation="http://www.loc.gov/MARC21/slim http://www.loc.gov/standards/marcxml/schema/MARC21slim.xsd"
    xmlns="http://www.loc.gov/MARC21/slim">

  <leader>01783nam a22001937a 4500</leader>
  <datafield tag="952" ind1=" " ind2=" ">
    <subfield code="0">0</subfield>
    <subfield code="1">0</subfield>
    <subfield code="2">lcc</subfield>
    <subfield code="4">0</subfield>
    <subfield code="7">0</subfield>
    <subfield code="a">11</subfield>
    <subfield code="b">11</subfield>
    <subfield code="d">2013-04-23</subfield>
    <subfield code="l">5</subfield>
    <subfield code="o">BF721 G75 2011</subfield>
    <subfield code="p">11 010081</subfield>
    <subfield code="r">2022-03-07</subfield>
    <subfield code="s">2022-03-07</subfield>
    <subfield code="t">1</subfield>
    <subfield code="w">2013-04-23</subfield>
    <subfield code="y">LB</subfield>
  </datafield>
  <datafield tag="999" ind1=" " ind2=" ">
    <subfield code="c">89534</subfield>
    <subfield code="d">89534</subfield>
  </datafield>
  <controlfield tag="008">130423t2011    ag ||||| |||| 00| 0 spa d</controlfield>
  <datafield tag="020" ind1=" " ind2=" ">
    <subfield code="a">9789508922014</subfield>
  </datafield>
  <datafield tag="050" ind1=" " ind2=" ">
    <subfield code="a">BF721 </subfield>
    <subfield code="b">G75 2011</subfield>
  </datafield>
  <datafield tag="100" ind1=" " ind2=" ">
    <subfield code="a">Griffa, Mar&#xED;a Cristina</subfield>
    <subfield code="e">autor</subfield>
  </datafield>
  <datafield tag="245" ind1=" " ind2=" ">
    <subfield code="a">Claves para una Psicolog&#xED;a del Desarrollo. Vol&#xFA;men II</subfield>
    <subfield code="b">: Adolescencia, adultez, vejez </subfield>
    <subfield code="c">/ Mar&#xED;a Cristina, Griffa : Jos&#xE9; Eduardo, Moreno</subfield>
  </datafield>
  <datafield tag="260" ind1=" " ind2=" ">
    <subfield code="a">Argentina</subfield>
    <subfield code="b">: Lugar editorial</subfield>
    <subfield code="c">, 2011</subfield>
  </datafield>
  <datafield tag="300" ind1=" " ind2=" ">
    <subfield code="a">392 p&#xE1;ginas</subfield>
  </datafield>
  <datafield tag="500" ind1=" " ind2=" ">
    <subfield code="a">Incluye: Indice, Pr&#xF3;logo, Introducci&#xF3;n</subfield>
  </datafield>
  <datafield tag="505" ind1=" " ind2=" ">
    <subfield code="a">Cap&#xED;tulo VI. La adolescencia
La pubertad  
Aproximaciones te&#xF3;ricas a la comprensi&#xF3;n de la adolescencia  
Fases de la adolescencia  
Cambios corporales  
La identidad como tarea del adolescente  
Adolescencia: b&#xFA;squeda del sentido de la vida. Su relaci&#xF3;n con la sociedad y la cultura  
El desarrollo de la inteligencia en la adolescencia  
Otros abordajes acerca de la inteligencia  
Problem&#xE1;ticas de la adolescencia. Lecturas de reflexi&#xF3;n  

Cap&#xED;tulo VII. Madurez y Adultez  
El mundo adulto y la madurez humana  
Etapas de la adultez  
Notas fundamentales de la adultez  
Lectura de reflexi&#xF3;n  

Cap&#xED;tulo VIII. Senectud  
Teor&#xED;as acerca del proceso de envejecimeitno  
Modificaciones corporales  
Modificaciones de la capacidad de rendimiento de las funciones ps&#xED;quicas  
Modificaciones de la personalidad  
La abuelidad  
El dolor, la enfermedad y la muerte  
Tiempo, muerte y eternidad  
Lecturas de reflexi&#xF3;n  

Cap&#xED;tulo IX. El hombre como ser paradojal  
Primera paradoja: cuerpo- psiquismo  
Segunda paradoja: subsistente- abierto  
Tercera paradoja: Existe- Deviene   </subfield>
  </datafield>
  <datafield tag="519" ind1=" " ind2=" ">
    <subfield code="a">Material Complementario/  </subfield>
    <subfield code="d">(11 010081)  </subfield>
  </datafield>
  <datafield tag="650" ind1=" " ind2=" ">
    <subfield code="a">PSICOLOGIA DEL DESARROLLO</subfield>
  </datafield>
  <datafield tag="700" ind1=" " ind2=" ">
    <subfield code="a">Moreno, Jos&#xE9; Eduardo</subfield>
    <subfield code="e">autor</subfield>
  </datafield>
  <datafield tag="942" ind1=" " ind2=" ">
    <subfield code="c">LB</subfield>
  </datafield>
</record>
